The house on Henry street /

Bibliographic Details
Main Author: Wald, Lillian D., 1867-1940
Format: Book
Language:English
Published: New York : H. Holt and company, 1915.
Subjects:

MARC

Tag First Indicator Second Indicator Subfields
LEADER 00000cam a2200000 4500
001 in00000077364
005 20151008052730.0
008 720413s1915 nyu 00000 eng u
010 |a  15025238  
035 |a (OCoLC)00283510 
035 |9 AAH4658AM 
040 |c WSU  |d CHS  |d TXA  |d UtOrBLW 
049 |a TXAM  |c [3424] 
050 0 |a HV4196.N6  |b H5 
092 |a 331.85  |b W15 
096 |a WY 11 W157h 1915 
100 1 |a Wald, Lillian D.,  |d 1867-1940. 
245 1 4 |a The house on Henry street /  |c by Lillian D. Wald; with illustrations from etchings and drawings by Abraham Phillips and from photographs. 
264 1 |a New York :  |b H. Holt and company,  |c 1915. 
300 |a 317 pages :  |b illustrations ;  |c 22 cm. 
336 |a text  |b txt  |2 rdacontent 
337 |a unmediated  |b n  |2 rdamedia 
338 |a volume  |b nc  |2 rdacarrier 
610 2 0 |a Henry Street Settlement (New York, N.Y.) 
650 0 |a Poor  |z New York (State)  |z New York. 
999 |a MARS 
999 f f |s e2cf63eb-8278-33f1-ad93-0b4a9639cfb9  |i b7ea9a2a-8e87-39fc-82d8-77b088e0ca9e  |t 0 
952 f f |p ric  |a Texas A&M University  |b Rellis Campus  |c Joint Library Facility  |d Remote Storage  |t 0  |e HV4196.N6 H5  |h Library of Congress classification  |i unmediated -- volume  |m A14800722641 
998 f f |a HV4196.N6 H5  |t 0  |l Remote Storage